00910nam a2200229 a 4500001001000000003000500010005001700015008004100032010001100073011001100084040000900095100003100104245017200135260004100307500006000348502007700408650004400485650003500529650001800564650002800582856007000610000115721CHAP20220329144545.0190627s2019 mx a |sm |||||||spa d a112182 a113154 cCHAP1 aOlmos Hernández, Misael.10aIdentificación de ácaros y de la mancha foliar necrótica del higo (Ficus carica L.) en Axochiapan, Morelos, Méxicoh[En línea]cpor Misael Olmos Hernández. aChapingo, Méx. :bEl autor,c2019. aPara ver el contenido del material haga clic en la liga aTesis (Ing. Agr. Esp. en Fitotecnia) -- UACH. Departamento de Fitotecnia14aÁcaros fitófagosxIdentificación.14aHigoxEnfermedades por hongos.14aHigoxPlagas.14aMancha foliar del higo. aFinding aiduhttp://10.13.5.2/tesis/sist115721.pdfzTeclea aquí